|
|
|
|
| LEADER |
00000nam a2200000 a 4500 |
| 001 |
vtls001475628 |
| 003 |
SK-MaSNL |
| 005 |
20260301044513.0 |
| 008 |
171201s1994 yu a f 00001 scc |
| 020 |
|
|
|q (brož.)
|
| 035 |
|
|
|a SNK000430929
|
| 040 |
|
|
|a SNK
|b slo
|c SNK
|e AACR2
|
| 041 |
1 |
|
|a scc
|h fre
|
| 044 |
|
|
|a yu
|c YU
|
| 072 |
|
7 |
|a 821-1/-8
|x Literatúra rôznych foriem a žánrov
|2 konspekt
|
| 080 |
|
|
|a 252.3
|2 2001
|
| 080 |
|
|
|a 2-172.2
|2 2001
|
| 080 |
|
|
|a 811.411.11
|2 2001
|
| 080 |
|
|
|a 091(=411.11)
|2 2001
|
| 080 |
|
|
|a 821-13
|2 2001
|
| 080 |
|
|
|a (0:82-13)
|2 2001
|
| 130 |
0 |
|
|a Poéme babylonien de la création
|l Srbsky
|9 351022
|
| 245 |
1 |
0 |
|a Enuma eliš
|b sumersko-akadski ep o stvaranju
|c [ep s francuskog preveo, uz konsultaciju izvornika, studiju i komentare sačinno Marko Viših]
|
| 260 |
|
|
|a Novi Sad
|b IPC Istočnik
|c 1994
|
| 300 |
|
|
|a 122 s.
|b ilustr., mp.
|c 21 cm
|
| 490 |
1 |
|
|a Biblioteka Osvit civilizacije
|
| 650 |
0 |
7 |
|a babylonská mytológia
|2 SNKPH
|9 185372
|
| 650 |
0 |
7 |
|a akkadčina
|2 SNKPH
|9 49290
|
| 650 |
0 |
7 |
|a akkadské rukopisy
|2 SNKPH
|9 97759
|
| 650 |
0 |
7 |
|a stvorenie sveta
|2 SNKPH
|9 1984
|
| 655 |
|
7 |
|a eposy
|2 SNKPH
|9 86747
|
| 700 |
1 |
|
|a Viših, Marko
|4 trl
|9 351023
|
| 830 |
|
0 |
|a Biblioteka Osvit civilizacije
|9 351024
|
| 999 |
|
|
|c 596143
|d 598073
|
| 952 |
|
|
|t P60, <04>, [BOOK], {604}, -K-
|a SNK
|b SNK
|y VYP
|7 0
|p 17A0443469
|o snkID 97331
|i snkD 602/2004
|0 0
|1 0
|4 0
|d 2004-09-27
|l 0
|r 2005-01-02 00:00:00
|w 2026-02-23
|